[Event "Kstovo Chess Hopes op"]
[Site "Kstovo"]
[Date "2015.06.30"]
[Round "7"]
[White "Rychagov, Alexander"]
[Black "Denisov, Albert"]
[Result "1/2-1/2"]
[WhiteElo "1895"]
[BlackElo "1772"]
[PlyCount "55"]
[EventDate "2015.06.24"]
[EventType "swiss"]
[EventRounds "9"]
[EventCountry "RUS"]
[SourceTitle "CBM 167 Extra"]
[Source "ChessBase"]
[SourceDate "2015.09.14"]
[SourceVersion "1"]
[SourceVersionDate "2015.09.14"]
[SourceQuality "1"]

1. e4 g6 2. d4 Bg7 3. Nf3 d6 4. Be2 Nd7 5. 0-0 e5 6. c4 Ngf6 7. Nc3 0-0 8. d5 a5 9. Rb1 Nc5 10. Nd2 Qe7 11. b3 b6 12. a3 Bd7 13. Qc2 Rfb8 14. b4 axb4 15. axb4 Na4 16. Ra1 Nxc3 17. Qxc3 Rxa1 18. Qxa1 Qd8 19. Qc3 Bh6 20. f3 Nh5 21. g3 Ra8 22. f4 Bh3 23. Bxh5 Bxf1 24. Bg4 exf4 25. Bb2 f6 26. Be6+ Kg7 27. Nxf1 fxg3 28. Nxg3 1/2-1/2

[Event "Kstovo Chess Hopes op"]
[Site "Kstovo"]
[Date "2015.06.28"]
[Round "5"]
[White "Rychagov, Alexander"]
[Black "Shilnikov, Igor S"]
[Result "1-0"]
[WhiteElo "1895"]
[BlackElo "1825"]
[PlyCount "57"]
[EventDate "2015.06.24"]
[EventType "swiss"]
[EventRounds "9"]
[EventCountry "RUS"]
[SourceTitle "CBM 167 Extra"]
[Source "ChessBase"]
[SourceDate "2015.09.14"]
[SourceVersion "1"]
[SourceVersionDate "2015.09.14"]
[SourceQuality "1"]

1. e4 e6 2. d4 d5 3. Nc3 dxe4 4. Nxe4 Nf6 5. Bd3 Be7 6. Nf3 Nbd7 7. 0-0 h6 8. Qe2 c6 9. Ne5 Qb6 10. c3 Nxe4 11. Qxe4 Nf6 12. Qf3 Bd7 13. Nc4 Qd8 14. Qg3 b5 15. Ne5 g5 16. f4 g4 17. f5 exf5 18. Nxd7 Qxd7 19. Bxf5 Qd6 20. Bf4 Qd5 21. Be5 h5 22. Rae1 Kf8 23. Qf4 Re8 24. Bxf6 Bxf6 25. Rxe8+ Kxe8 26. Be4 Bg5 27. Bxd5 Bxf4 28. Bxc6+ Kd8 29. Rxf4 1-0

[Event "Kstovo Chess Hopes op"]
[Site "Kstovo"]
[Date "2015.06.26"]
[Round "3"]
[White "Rychagov, Alexander"]
[Black "Ospennikov, Dmitry V"]
[Result "1/2-1/2"]
[WhiteElo "1895"]
[BlackElo "2232"]
[PlyCount "49"]
[EventDate "2015.06.24"]
[EventType "swiss"]
[EventRounds "9"]
[EventCountry "RUS"]
[SourceTitle "CBM 167 Extra"]
[Source "ChessBase"]
[SourceDate "2015.09.14"]
[SourceVersion "1"]
[SourceVersionDate "2015.09.14"]
[SourceQuality "1"]

1. e4 c5 2. Nf3 e6 3. d4 cxd4 4. Nxd4 Nc6 5. Nxc6 bxc6 6. c4 Nf6 7. Bd3 e5 8. 0-0 Be7 9. Nc3 d6 10. Kh1 0-0 11. f4 Rb8 12. f5 Bb7 13. Bg5 h6 14. Bxf6 Bxf6 15. Qh5 Ba6 16. b3 d5 17. exd5 e4 18. Nxe4 Bxa1 19. f6 cxd5 20. fxg7 dxe4 21. gxf8Q+ Qxf8 22. Bxe4 Qg7 23. Rxf7 Qg5 24. Qxg5+ hxg5 25. Rxa7 1/2-1/2

[Event "Kstovo Kichigin Memorial op 5th"]
[Site "Kstovo"]
[Date "2015.01.19"]
[Round "4"]
[White "Rychagov, Alexander"]
[Black "Vardanyan, Tigran"]
[Result "1-0"]
[WhiteElo "1926"]
[BlackElo "1667"]
[PlyCount "55"]
[EventDate "2015.01.16"]
[EventType "swiss"]
[EventRounds "9"]
[EventCountry "RUS"]
[SourceTitle "CBM 164 Extra"]
[Source "ChessBase"]
[SourceDate "2015.03.02"]
[SourceVersion "1"]
[SourceVersionDate "2015.03.02"]
[SourceQuality "1"]

1. e4 c5 2. Nf3 Nc6 3. Bb5 a6 4. Bxc6 dxc6 5. 0-0 g6 6. a4 Bg7 7. a5 Nf6 8. d3 Bg4 9. h3 Bxf3 10. Qxf3 e5 11. Bg5 0-0 12. Nd2 Qd6 13. Nc4 Qe6 14. Nb6 Rad8 15. Qe3 Rd4 16. Qe2 h6 17. Be3 Rdd8 18. Bxc5 Rfe8 19. Nc4 Bf8 20. Bb6 Rd7 21. Qe1 Bd6 22. Be3 Kg7 23. Qc3 Kh7 24. f4 exf4 25. Nxd6 Qxd6 26. Bxf4 Qe6 27. Bxh6 Kxh6 28. Rxf6 1-0

[Event "Kstovo Chess Hopes op"]
[Site "Kstovo"]
[Date "2013.06.26"]
[Round "5"]
[White "Denisov, Albert"]
[Black "Rychagov, Alexander"]
[Result "1-0"]
[WhiteElo "1760"]
[BlackElo "1929"]
[PlyCount "41"]
[EventDate "2013.06.24"]
[EventType "swiss"]
[EventRounds "9"]
[EventCountry "RUS"]
[SourceTitle "EXT 2018"]
[Source "ChessBase"]
[SourceDate "2017.10.13"]
[SourceVersion "1"]
[SourceVersionDate "2017.10.13"]
[SourceQuality "1"]

1. d4 Nf6 2. c4 c5 3. d5 b5 4. cxb5 a6 5. Nc3 d6 6. e4 g6 7. bxa6 Bxa6 8. Bxa6 Rxa6 9. Nge2 Nbd7 10. 0-0 Bg7 11. Qd3 Ra8 12. Qh3 0-0 13. Bh6 Qb6 14. Bxg7 Kxg7 15. b3 Ra3 16. Na4 Qa7 17. Nec3 Rb8 18. Rab1 Rxa4 19. bxa4 Nxe4 20. Qe3 Nxc3 21. Qxc3+ 1-0

[Event "Kstovo Chess Hopes op"]
[Site "Kstovo"]
[Date "2013.06.24"]
[Round "2"]
[White "Gorozhanin, Mikhail"]
[Black "Rychagov, Alexander"]
[Result "1-0"]
[WhiteElo "2311"]
[BlackElo "1929"]
[PlyCount "79"]
[EventDate "2013.06.24"]
[EventType "swiss"]
[EventRounds "9"]
[EventCountry "RUS"]
[SourceTitle "EXT 2018"]
[Source "ChessBase"]
[SourceDate "2017.10.13"]
[SourceVersion "1"]
[SourceVersionDate "2017.10.13"]
[SourceQuality "1"]

1. Nf3 Nf6 2. c4 g6 3. Nc3 Bg7 4. e4 d6 5. d4 0-0 6. Be2 e5 7. Be3 Nc6 8. d5 Ne7 9. Nd2 Nd7 10. Qc2 f5 11. f3 b6 12. g4 fxg4 13. fxg4 Nf6 14. h3 a5 15. 0-0-0 Ba6 16. Rdg1 c5 17. h4 Nd7 18. g5 Rf7 19. Qd1 Nf8 20. h5 Bc8 21. h6 Bh8 22. Rf1 Rxf1 23. Rxf1 Nd7 24. Bg4 Nf8 25. Qf3 Qe8 26. Nb5 Bxg4 27. Qxg4 Rd8 28. a3 Qd7 29. Qxd7 Rxd7 30. b4 axb4 31. axb4 Nc8 32. Kc2 Rd8 33. bxc5 dxc5 34. Ra1 Nd6 35. Nxd6 Rxd6 36. Nb1 Rd8 37. Nc3 Kf7 38. Nb5 Ke7 39. Ra6 Rb8 40. Rxb6 1-0

[Event "Moscow Govrnor Cup-A rapid"]
[Site "Moscow"]
[Date "2013.02.20"]
[Round "10"]
[White "Dragomarezkij, Evgeni"]
[Black "Rychagov, Alexander"]
[Result "1/2-1/2"]
[WhiteElo "2363"]
[BlackElo "1895"]
[PlyCount "155"]
[EventDate "2013.02.19"]
[EventType "swiss (rapid)"]
[EventRounds "11"]
[EventCountry "RUS"]
[SourceTitle "CBM 153 Extra"]
[Source "ChessBase"]
[SourceDate "2013.04.22"]
[SourceVersion "1"]
[SourceVersionDate "2013.04.22"]
[SourceQuality "1"]

1. d4 d5 2. c4 c6 3. cxd5 cxd5 4. Nc3 Nf6 5. Bf4 Nc6 6. e3 a6 7. Bd3 Bg4 8. Nge2 e6 9. h3 Bh5 10. Rc1 Bd6 11. Bxd6 Qxd6 12. 0-0 0-0 13. Na4 Nd7 14. a3 Rfc8 15. Qd2 Bxe2 16. Bxe2 Ne7 17. b4 b5 18. Nc5 Nb6 19. Ra1 Nc4 20. Qc3 Rcb8 21. a4 Nc6 22. a5 g6 23. Rad1 Ra7 24. Bf3 Rd8 25. g3 f5 26. Kh1 Nb8 27. Bg2 Nd7 28. f4 Nf6 29. Bf3 h5 30. Rf2 Rg7 31. Rg1 Qc6 32. g4 hxg4 33. hxg4 Rh7+ 34. Rh2 Rxh2+ 35. Kxh2 Kf7 36. g5 Ne4 37. Bxe4 fxe4 38. Kg2 Rh8 39. Qe1 Qc8 40. Qg3 Nd6 41. Rh1 Nf5 42. Rxh8 Qxh8 43. Qf2 Qh5 44. Nd7 Qg4+ 45. Kh2 Qh5+ 46. Kg2 Nh4+ 47. Kg3 Nf5+ 48. Kg2 Qd1 49. Ne5+ Kg7 50. Kh2 Qc1 51. Ng4 Qc3 52. Kg2 Qxb4 53. Qa2 Qc3 54. Kf2 Kf7 55. Ne5+ Kg7 56. Ng4 Kf8 57. Qe2 Qc4 58. Ne5 Qxe2+ 59. Kxe2 Ne7 60. Nd7+ Ke8 61. Nc5 Nc6 62. Nxe6 Nxa5 63. Nc7+ Kd7 64. Nxd5 Nc4 65. Nf6+ Ke6 66. Nxe4 a5 67. Kd3 Nb6 68. Nc5+ Kf5 69. Ne4 Ke6 70. Nc5+ Kf5 71. Nb7 Nc4 72. d5 a4 73. d6 Ke6 74. Nc5+ Kxd6 75. Nxa4 Nxe3 76. Nc3 Ng2 77. Nxb5+ Kc5 78. Ke4 1/2-1/2

[Event "Nizhnij Novgorod Region-ch"]
[Site "Nizhnij Novgorod"]
[Date "2012.10.14"]
[Round "?"]
[White "Rychagov, Alexander"]
[Black "Gubinov, Valery"]
[Result "1-0"]
[WhiteElo "1815"]
[BlackElo "1677"]
[PlyCount "39"]
[EventDate "2012.10.06"]
[EventType "swiss"]
[EventRounds "9"]
[EventCountry "RUS"]
[SourceTitle "EXT 2022"]
[Source "ChessBase"]
[SourceDate "2021.10.06"]
[SourceVersion "1"]
[SourceVersionDate "2021.10.06"]
[SourceQuality "1"]

1. e4 c5 2. Nf3 Nc6 3. d4 cxd4 4. Nxd4 Nf6 5. Nc3 a6 6. Bg5 Qa5 7. Bxf6 exf6 8. Nb3 Qe5 9. a3 f5 10. Qd5 fxe4 11. Qxe4 Bd6 12. 0-0-0 0-0 13. Bd3 Qxe4 14. Bxe4 Be5 15. Nd5 Re8 16. Rhe1 Nd8 17. f4 Bb8 18. g3 b5 19. Nb6 Ra7 20. Nxc8 1-0

[Event "Nizhnij Novgorod Region-ch"]
[Site "Nizhnij Novgorod"]
[Date "2012.10.13"]
[Round "?"]
[White "Tishin, Alexey"]
[Black "Rychagov, Alexander"]
[Result "1-0"]
[WhiteElo "1995"]
[BlackElo "1815"]
[PlyCount "81"]
[EventDate "2012.10.06"]
[EventType "swiss"]
[EventRounds "9"]
[EventCountry "RUS"]
[SourceTitle "EXT 2022"]
[Source "ChessBase"]
[SourceDate "2021.10.06"]
[SourceVersion "1"]
[SourceVersionDate "2021.10.06"]
[SourceQuality "1"]

1. e4 e5 2. Nf3 Nc6 3. Bc4 Nf6 4. Ng5 d5 5. exd5 Na5 6. Bb5+ c6 7. dxc6 bxc6 8. Be2 h6 9. Nf3 e4 10. Ne5 Qd4 11. f4 Bc5 12. Rf1 Bb6 13. c3 Qd6 14. b4 Nb7 15. Na3 Be6 16. Nac4 Qc7 17. a4 a5 18. Ba3 Nd5 19. f5 Bc8 20. bxa5 Ba7 21. Qc2 e3 22. 0-0-0 exd2+ 23. Qxd2 Bc5 24. Nxc6 Qxc6 25. Qxd5 Bxa3+ 26. Nxa3 Qxc3+ 27. Nc2 Rxa5 28. Bb5+ Kf8 29. Rfe1 Kg8 30. Re8+ Kh7 31. Rxh8+ Kxh8 32. Qxf7 Ra8 33. Qe8+ Kh7 34. Qg6+ Kh8 35. Re1 Bxf5 36. Qxf5 Nc5 37. Re3 Nb3+ 38. Kb1 Nd2+ 39. Ka2 Qc7 40. Qd3 Nf1 41. Re8+ 1-0

[Event "Kstovo op"]
[Site "Kstovo"]
[Date "2012.09.16"]
[Round "9"]
[White "Hilova, Evelina"]
[Black "Rychagov, Alexander"]
[Result "0-1"]
[WhiteElo "1735"]
[BlackElo "1815"]
[PlyCount "88"]
[EventDate "2012.09.08"]
[EventType "swiss"]
[EventRounds "9"]
[EventCountry "RUS"]
[SourceTitle "EXT 2013"]
[Source "ChessBase"]
[SourceDate "2012.11.22"]
[SourceVersion "1"]
[SourceVersionDate "2012.11.22"]
[SourceQuality "1"]

1. e4 Nf6 2. e5 Nd5 3. d4 d6 4. Nf3 g6 5. Be2 Bg7 6. c4 Nb6 7. Bf4 0-0 8. 0-0 Nc6 9. Nc3 Bg4 10. c5 dxc5 11. d5 Bxf3 12. Bxf3 Nxe5 13. Be4 Nbc4 14. Qc2 Nd6 15. Rad1 Nd7 16. Be3 b6 17. f4 Nf6 18. Bf3 Qd7 19. h3 Qf5 20. Qe2 Qd7 21. g4 Kh8 22. g5 Nfe8 23. h4 Nf5 24. Bg4 Ned6 25. Bf2 Qd8 26. Qd3 h5 27. gxh6 Bxh6 28. Qf3 Rg8 29. Ne4 Nxe4 30. Qxe4 Nd6 31. Qf3 f5 32. Bh3 Ne4 33. Be1 Qd6 34. Bg2 Bg7 35. Bc3 Bxc3 36. bxc3 Qf6 37. c4 Qxh4 38. Qd3 Nd6 39. Rf3 Qf6 40. Re3 Rg7 41. Re6 Qh4 42. Qf1 Rh7 43. Rxg6 Qh2+ 44. Kf2 Qxf4+ 0-1

[Event "Kstovo op"]
[Site "Kstovo"]
[Date "2012.09.15"]
[Round "8"]
[White "Rychagov, Alexander"]
[Black "Yevlampiev, Sergey"]
[Result "0-1"]
[WhiteElo "1815"]
[BlackElo "1865"]
[PlyCount "96"]
[EventDate "2012.09.08"]
[EventType "swiss"]
[EventRounds "9"]
[EventCountry "RUS"]
[SourceTitle "EXT 2013"]
[Source "ChessBase"]
[SourceDate "2012.11.22"]
[SourceVersion "1"]
[SourceVersionDate "2012.11.22"]
[SourceQuality "1"]

1. e4 c6 2. d4 d5 3. Nc3 dxe4 4. Nxe4 Nf6 5. Nxf6+ gxf6 6. c3 e5 7. Nf3 Bg4 8. Be2 Qc7 9. h3 Be6 10. Be3 Nd7 11. Qc2 h6 12. b3 Nb6 13. 0-0-0 0-0-0 14. Nh2 Nd5 15. Ng4 h5 16. Nh2 c5 17. dxc5 Bxc5 18. Bxc5 Qxc5 19. Bc4 b5 20. Bxd5 Rxd5 21. Rxd5 Qxd5 22. Nf3 Rd8 23. Rd1 Qxd1+ 24. Qxd1 Rxd1+ 25. Kxd1 a5 26. Kd2 Kc7 27. Ke3 Kd6 28. Nd2 f5 29. f4 f6 30. Nf1 a4 31. bxa4 bxa4 32. a3 Kc5 33. Nd2 h4 34. Nf3 exf4+ 35. Kxf4 Kc4 36. Nxh4 Kxc3 37. Nxf5 Kb2 38. Nd4 Bc4 39. h4 Kxa3 40. h5 Kb4 41. h6 Bg8 42. Kf5 Bh7+ 43. Kxf6 a3 44. Kg7 Be4 45. h7 Bxh7 46. Kxh7 a2 47. Nc2+ Kc3 48. Na1 Kb2 0-1

[Event "Kstovo op"]
[Site "Kstovo"]
[Date "2012.09.10"]
[Round "3"]
[White "Appanov, Artem"]
[Black "Rychagov, Alexander"]
[Result "0-1"]
[WhiteElo "1720"]
[BlackElo "1815"]
[PlyCount "76"]
[EventDate "2012.09.08"]
[EventType "swiss"]
[EventRounds "9"]
[EventCountry "RUS"]
[SourceTitle "EXT 2013"]
[Source "ChessBase"]
[SourceDate "2012.11.22"]
[SourceVersion "1"]
[SourceVersionDate "2012.11.22"]
[SourceQuality "1"]

1. d4 Nf6 2. Nf3 c5 3. d5 e6 4. dxe6 fxe6 5. Bg5 d5 6. e3 Nc6 7. c4 Be7 8. Nc3 d4 9. Ne2 e5 10. Ng3 Bg4 11. h3 Bxf3 12. gxf3 Qa5+ 13. Qd2 Qxd2+ 14. Kxd2 0-0-0 15. e4 Rhf8 16. Bd3 Rd6 17. Ke2 Ne8 18. Bxe7 Nxe7 19. a3 a5 20. Rab1 Rdf6 21. Rbf1 Rxf3 22. Nf5 Nxf5 23. exf5 Rf4 24. f3 Nd6 25. Rhg1 Rf7 26. Rg4 Nxf5 27. Rxf4 exf4 28. Bxf5+ Rxf5 29. Rg1 g6 30. Rg4 a4 31. Kd3 Kd7 32. Ke4 Kc6 33. h4 b5 34. cxb5+ Kxb5 35. Rg2 Kc4 36. Rc2+ Kb3 37. Rg2 Rh5 38. Rh2 g5 0-1

[Event "Kstovo Chess Hopes op"]
[Site "Kstovo"]
[Date "2012.07.??"]
[Round "5"]
[White "Rychagov, Alexander"]
[Black "Klykov, Viacheslav"]
[Result "0-1"]
[WhiteElo "1831"]
[BlackElo "1763"]
[PlyCount "91"]
[EventDate "2012.07.??"]
[EventType "swiss"]
[EventRounds "9"]
[EventCountry "RUS"]
[SourceTitle "EXT 2014"]
[Source "ChessBase"]
[SourceDate "2013.11.20"]
[SourceVersion "1"]
[SourceVersionDate "2013.11.20"]
[SourceQuality "1"]

1. e4 c5 2. Nf3 e6 3. d4 cxd4 4. Nxd4 a6 5. Bd3 Qc7 6. Nc3 b5 7. Be3 Bb7 8. 0-0 Nf6 9. f3 Bc5 10. Bf2 Bd6 11. h3 Nh5 12. Nce2 Nc6 13. c3 g5 14. Qe1 Nf6 15. Nxc6 Bxc6 16. Bd4 Be5 17. Bxe5 Qxe5 18. Qg3 Qxg3 19. Nxg3 h5 20. e5 Nd5 21. Ne4 Nf4 22. Bc2 Bxe4 23. Bxe4 Rb8 24. g3 Nxh3+ 25. Kg2 g4 26. f4 h4 27. gxh4 Rxh4 28. Kg3 Rh6 29. Rad1 Ke7 30. Rd6 f5 31. Bg2 b4 32. c4 Rc8 33. b3 a5 34. Rfd1 Rc7 35. Ra6 Rh8 36. Rxa5 Rd8 37. Ra6 Rcc8 38. Ra7 Rb8 39. c5 Rb5 40. c6 Rc5 41. Raxd7+ Rxd7 42. Rxd7+ Ke8 43. Bxh3 Rc3+ 44. Kg2 gxh3+ 45. Kh2 Rxc6 46. Kxh3 0-1

[Event "Nizhnij Novgorod Dubinin Memorial 19th"]
[Site "Nizhnij Novgorod"]
[Date "2012.01.??"]
[Round "7"]
[White "Nikulin, Pavel"]
[Black "Rychagov, Alexander"]
[Result "1/2-1/2"]
[WhiteElo "2066"]
[BlackElo "1824"]
[PlyCount "34"]
[EventDate "2012.01.??"]
[EventType "swiss"]
[EventRounds "9"]
[EventCountry "RUS"]
[SourceTitle "EXT 2015"]
[Source "ChessBase"]
[SourceDate "2014.11.20"]
[SourceVersion "1"]
[SourceVersionDate "2014.11.20"]
[SourceQuality "1"]

1. e4 e5 2. Nf3 Nc6 3. d4 exd4 4. Bc4 Nf6 5. e5 Ne4 6. 0-0 Be7 7. c3 d5 8. Bb5 dxc3 9. Nxc3 Nxc3 10. bxc3 a6 11. Bxc6+ bxc6 12. Nd4 Bd7 13. e6 Bxe6 14. Nxe6 fxe6 15. Qh5+ Kd7 16. Rb1 Rb8 17. Rxb8 Qxb8 1/2-1/2

[Event "Nizhnij Novgorod Dubinin Memorial 19th"]
[Site "Nizhnij Novgorod"]
[Date "2012.01.??"]
[Round "4"]
[White "Rychagov, Alexander"]
[Black "Kluev, Vladimir"]
[Result "1/2-1/2"]
[WhiteElo "1824"]
[BlackElo "2105"]
[PlyCount "41"]
[EventDate "2012.01.??"]
[EventType "swiss"]
[EventRounds "9"]
[EventCountry "RUS"]
[SourceTitle "EXT 2015"]
[Source "ChessBase"]
[SourceDate "2014.11.20"]
[SourceVersion "1"]
[SourceVersionDate "2014.11.20"]
[SourceQuality "1"]

1. e4 e5 2. Nf3 Nc6 3. Bb5 Nge7 4. d4 exd4 5. Nxd4 g6 6. Bg5 Bg7 7. c3 h6 8. Bh4 0-0 9. 0-0 g5 10. Bg3 Nxd4 11. cxd4 d5 12. e5 Nf5 13. Nc3 c6 14. Ba4 Qb6 15. Ne2 Qxb2 16. Bb3 Qa3 17. f4 g4 18. Qd3 a5 19. Bf2 a4 20. Bc2 Qxd3 21. Bxd3 1/2-1/2

[Event "Kstovo op"]
[Site "Kstovo"]
[Date "2011.09.11"]
[Round "9"]
[White "Rychagov, Alexander"]
[Black "Novikov, Danila"]
[Result "0-1"]
[WhiteElo "1756"]
[BlackElo "2005"]
[PlyCount "44"]
[EventDate "2011.09.03"]
[EventType "swiss"]
[EventRounds "9"]
[EventCountry "RUS"]
[SourceTitle "EXT 2014"]
[Source "ChessBase"]
[SourceDate "2013.11.20"]
[SourceVersion "1"]
[SourceVersionDate "2013.11.20"]
[SourceQuality "1"]

1. b3 d5 2. Bb2 c5 3. e3 Nc6 4. c4 e6 5. Nf3 Nf6 6. d3 Be7 7. Be2 0-0 8. 0-0 Qc7 9. Qc2 Rd8 10. d4 b6 11. dxc5 Nb4 12. Qc3 bxc5 13. a3 Nc6 14. cxd5 Nxd5 15. Qc4 Na5 16. Qa4 Bd7 17. Bb5 Bxb5 18. Qxb5 Rab8 19. Qc4 Nxb3 20. Ra2 Bf6 21. Bxf6 Nxf6 22. Rb2 Na5 0-1

[Event "Kstovo op"]
[Site "Kstovo"]
[Date "2011.09.04"]
[Round "2"]
[White "Novgorodskij, Maksim"]
[Black "Rychagov, Alexander"]
[Result "1/2-1/2"]
[WhiteElo "1609"]
[BlackElo "1756"]
[PlyCount "29"]
[EventDate "2011.09.03"]
[EventType "swiss"]
[EventRounds "9"]
[EventCountry "RUS"]
[SourceTitle "EXT 2014"]
[Source "ChessBase"]
[SourceDate "2013.11.20"]
[SourceVersion "1"]
[SourceVersionDate "2013.11.20"]
[SourceQuality "1"]

1. e4 e5 2. d4 exd4 3. Nf3 d5 4. Qxd4 Be6 5. Ng5 Nf6 6. Nxe6 fxe6 7. exd5 exd5 8. Bf4 Nbd7 9. Nc3 Bc5 10. Qd3 c6 11. Qe2+ Qe7 12. Qxe7+ Kxe7 13. Bd3 Rhf8 14. 0-0 h6 15. Rfe1+ 1/2-1/2

[Event "Nizhnij Novgorod Cup of Nadezhda"]
[Site "Nizhnij Novgorod"]
[Date "2011.08.08"]
[Round "?"]
[White "Rychagov, Alexander"]
[Black "Demidov, Daniil"]
[Result "0-1"]
[WhiteElo "1664"]
[BlackElo "1910"]
[PlyCount "70"]
[EventDate "2011.08.08"]
[EventType "swiss"]
[EventRounds "8"]
[EventCountry "RUS"]
[SourceTitle "EXT 2022"]
[Source "ChessBase"]
[SourceDate "2021.10.06"]
[SourceVersion "1"]
[SourceVersionDate "2021.10.06"]
[SourceQuality "1"]

1. e4 e6 2. d4 d5 3. Nc3 Nf6 4. Bg5 Bb4 5. e5 h6 6. exf6 hxg5 7. fxg7 Rg8 8. a3 Ba5 9. Bd3 Nc6 10. Nf3 Bd7 11. Qd2 Rxg7 12. 0-0-0 Qf6 13. Bb5 g4 14. Ne5 Bxc3 15. bxc3 Qe7 16. Qh6 Rg8 17. Bxc6 Bxc6 18. Kd2 Bb5 19. Qh5 Qf6 20. Nd3 Bxd3 21. Kxd3 Rg5 22. Qh4 Qf5+ 23. Kd2 Qf4+ 24. Kd3 0-0-0 25. Qg3 Qe4+ 26. Kd2 Rgg8 27. Rhe1 Qg6 28. Re5 Rde8 29. c4 f6 30. Re3 dxc4 31. Rb1 Qf5 32. Rb4 Qd5 33. Kc3 e5 34. Rxc4 b5 35. Rb4 exd4+ 0-1

[Event "Nizhnij Novgorod Cup of Nadezhda"]
[Site "Nizhnij Novgorod"]
[Date "2011.08.08"]
[Round "?"]
[White "Rychagov, Alexander"]
[Black "Vlasova, Ekaterina"]
[Result "1-0"]
[WhiteElo "1664"]
[BlackElo "1863"]
[PlyCount "47"]
[EventDate "2011.08.08"]
[EventType "swiss"]
[EventRounds "8"]
[EventCountry "RUS"]
[SourceTitle "EXT 2022"]
[Source "ChessBase"]
[SourceDate "2021.10.06"]
[SourceVersion "1"]
[SourceVersionDate "2021.10.06"]
[SourceQuality "1"]

1. e4 e6 2. d4 d5 3. Nc3 Nf6 4. Bg5 Be7 5. e5 Nfd7 6. h4 a6 7. Qg4 Bxg5 8. hxg5 c5 9. g6 cxd4 10. gxf7+ Kf8 11. Nce2 Qa5+ 12. Kd1 Nxe5 13. Qxd4 Nbc6 14. Qh4 Nc4 15. Nf3 Nxb2+ 16. Kc1 Qa3 17. Ng5 Nc4+ 18. Kd1 Qb2 19. Nxh7+ Rxh7 20. Qxh7 Qxa1+ 21. Nc1 Qf6 22. Qg8+ Ke7 23. Qe8+ Kd6 24. f8Q+ 1-0

[Event "Kstovo Chess Hopes op"]
[Site "Kstovo"]
[Date "2011.06.26"]
[Round "9"]
[White "Rychagov, Alexander"]
[Black "Jevtushenko, VV."]
[Result "1-0"]
[WhiteElo "1664"]
[BlackElo "1922"]
[PlyCount "49"]
[EventDate "2011.06.18"]
[EventType "swiss"]
[EventRounds "9"]
[EventCountry "RUS"]
[SourceTitle "EXT 2012"]
[Source "ChessBase"]
[SourceDate "2011.11.24"]
[SourceVersion "1"]
[SourceVersionDate "2011.11.24"]
[SourceQuality "1"]

1. e4 c6 2. d4 d6 3. c4 Nd7 4. Nc3 Ngf6 5. Nf3 e5 6. d5 Be7 7. Be2 Nc5 8. Qc2 0-0 9. 0-0 h6 10. Rd1 cxd5 11. cxd5 Nh7 12. Be3 b6 13. a3 f5 14. Bxc5 bxc5 15. Bc4 Ng5 16. Nxe5 fxe4 17. Nc6 Qc7 18. h4 Nh7 19. Qxe4 Bf6 20. Nb5 Qd7 21. Qe6+ Rf7 22. Nxd6 Bxh4 23. Nxf7 Qc7 24. Nxh6+ Kf8 25. Qg8# 1-0

[Event "Kstovo Chess Hopes op"]
[Site "Kstovo"]
[Date "2011.06.24"]
[Round "7"]
[White "Shilnikov, Igor S"]
[Black "Rychagov, Alexander"]
[Result "1-0"]
[WhiteElo "1901"]
[BlackElo "1664"]
[PlyCount "55"]
[EventDate "2011.06.18"]
[EventType "swiss"]
[EventRounds "9"]
[EventCountry "RUS"]
[SourceTitle "EXT 2012"]
[Source "ChessBase"]
[SourceDate "2011.11.24"]
[SourceVersion "1"]
[SourceVersionDate "2011.11.24"]
[SourceQuality "1"]

1. d4 Nf6 2. Nf3 g6 3. c4 Bg7 4. Nc3 0-0 5. Bg5 d6 6. e3 Nbd7 7. Be2 c5 8. 0-0 cxd4 9. Nxd4 a6 10. h3 Qc7 11. Rc1 e6 12. b4 a5 13. Ndb5 Qb6 14. Na4 Qc6 15. a3 d5 16. Nd4 Qd6 17. c5 Qc7 18. b5 h6 19. Bh4 g5 20. Bg3 e5 21. b6 Qd8 22. Nb5 Qe7 23. Nc7 Rb8 24. Nxd5 Nxd5 25. Qxd5 Re8 26. Bb5 Rd8 27. Rfd1 Bf6 28. Qd2 1-0

[Event "Kstovo Chess Hopes op"]
[Site "Kstovo"]
[Date "2011.06.21"]
[Round "4"]
[White "Rychagov, Alexander"]
[Black "Malyshev, Nikita"]
[Result "1-0"]
[WhiteElo "1664"]
[BlackElo "1833"]
[PlyCount "35"]
[EventDate "2011.06.18"]
[EventType "swiss"]
[EventRounds "9"]
[EventCountry "RUS"]
[SourceTitle "EXT 2012"]
[Source "ChessBase"]
[SourceDate "2011.11.24"]
[SourceVersion "1"]
[SourceVersionDate "2011.11.24"]
[SourceQuality "1"]

1. e4 e6 2. d4 d5 3. Nc3 Nf6 4. Bg5 Be7 5. e5 Nfd7 6. h4 a6 7. Nf3 c5 8. Be2 Nc6 9. dxc5 Ndxe5 10. Nxe5 Nxe5 11. Qd4 Bxg5 12. hxg5 Ng6 13. Qxg7 Qxg5 14. Bh5 Qe5+ 15. Qxe5 Nxe5 16. 0-0-0 Bd7 17. Rhe1 Nc6 18. Nxd5 1-0